Aktuálne trendy v oblasti vinárstva na Slovensku diplomová práca

Salvato in:
Dettagli Bibliografici
Autore principale: Pintérová, Klaudia
Ente Autore: Obchodná fakulta EU. Katedra tovaroznalectva a kvality tovaru
Altri autori: Krnáčová, Paulína, 1983-
Natura: Libro
Lingua:slovacco
Pubblicazione: Bratislava 2020
Tags: Aggiungi Tag
Nessun Tag, puoi essere il primo ad aggiungerne!!

MARC

LEADER 00000nbm a2200000 4500
001 0266295
005 20201009092710.2
041 0 |a slo 
044 |a SK 
245 1 0 |a Aktuálne trendy v oblasti vinárstva na Slovensku  |b diplomová práca  |c Klaudia Pintérová ; školiteľ: Paulína Krnáčová 
264 1 |a Bratislava  |c 2020 
300 |a 60 s. 
100 1 |a Pintérová, Klaudia 
700 1 |a Krnáčová, Paulína, 1983- 
710 2 |a Obchodná fakulta EU. Katedra tovaroznalectva a kvality tovaru